Представление документа в формате RUSMARC

ПолеНазваниеЗначение
  Тип записи a
  Библиографический уровень m
001 Контрольный номер UONB/MAIN/d07633259503451181e33f9aa0940781
005 Дата корректировки 20250520124838.9
010 Индекс ISBN __
d Цена 43 к.
9 Тираж 3000 экз.
100 Данные общей обработки __
a Данные общей обработки 20240505d1965 u y0rusy0189 ca
101 Язык документа 0_
a Язык текста rus
102 Страна публикации __
a Страна публикации RU
105 Кодированные данные (монография) __
a Кодированные данные (монография) a z 000yy
200 Заглавие и сведения об ответственности 1_
a Заглавие Саморегулирование в станках-автоматах
f Первые сведения об ответственности А.С. Проников
203 Вид содержания и тип средства __
a Вид содержания Текст
b Характеристика содержания визуальный
c Тип средства непосредственный
210 Выходные данные 1_
a Место издания Москва
c Издательство Моск. рабочий
d Дата издания 1965
215 Физическое описание __
a Объем 168 с.
d Формат 20 см
c Иллюстрации/тип воспроизводства ил.
606 Тематические рубрики 0_
a Основная рубрика Металлорежущие станки-автоматы
x Основная подрубрика Саморегулирование
610 Ключевые слова 0_
a Ключевые слова машины; металлорежущие станки
675 Индекс УДК __
a Индекс УДК 6П4.6-081.15
686 Индексы других классификаций __
a Классификационный индекс 34
2 Код системы rubbk
700 Автор _1
a Фамилия Проников
b Имя (инициалы) А.С.
g Полное личное имя Александр Сергеевич
801 Источник записи _0
a Страна RU
b Организация Ульяновская ОНБ
c Дата составления 20240505
g Правила каталогизации RCR
801 Источник записи _1
a Страна RU
b Организация Ульяновская ОНБ
c Дата составления 20240505
g Правила каталогизации RCR
901 Тип документа __
t Тип документа m
909 Создатель записи __
a Создатель записи Полина
b Дата создания записи 20240505